00874naa#a2200181#i#4500001001600000005001700016011001400033100004100047102000700088200021000095210010600305215001000411608004500421675009400466700005200560700006000612856002000672RU\\bibl\11518620260513211606.3##a3034-6703##a20260331b2026####ek#y0rusy0150####ca##aRU1#aТри стадии площадного роста океанического дна и грависейсмическая концепция тектоники плитeЖурнальная статья1#aМоскваcАссоциация геологов, геофизиков и инженеровd2026##a6 с.##aЖурнальная статья2local##aГеология. Геологические и геофизические науки. 55#1aГлебовgАлексей Федорович#1aНиколаевgДмитрий Анатольевич4#aagge-vestnik.ru